Famous Anthony/Tonys - Statistics

General Stats
  • This quiz has been taken 23 times
  • The average score is 3 of 8
Answer Stats
Hint Answer % Correct
The Silence of the Lambs Anthony Hopkins
78%
Politician Tony Blair
61%
Singer Tony Bennett
48%
iron man Tony Stark
35%
Boxer Anthony Joshua
30%
War Machine Anthony Mackie
4%
Divergent Tony Goldwyn
4%
Spy Kids Tony Shalhoub
0%
No matching quizzes found
Score Distribution
Percent of People with Each Score
Percentile by Number Answered
Your Score History
You have not taken this quiz